000 00418cam a2200169ua 4500
020 _a0 249 44155 1
041 _aeng
_h
082 _a631.521
_bTHO/IN
100 _aThomson, J R .
245 _aIntroduction to seed technology /
_cJ R Thomson.
_hTextual Documents
250 _a1 /
_b.
260 _aGlasgow :
_bLeonard hill ,
_c1979.
300 _a252 ; .
504 _a
942 _cBK
999 _c8697
_d8697